Statistics for Countries With Mandatory Military Service

Click here to take the quiz!

General Stats

  • This quiz has been taken 69 times
  • The average score is 16 of 25

Answer Stats

Country% Correct
North Korea
95%
South Korea
91%
China
88%
Israel
84%
Russia
84%
Iran
78%
Belarus
72%
Ukraine
72%
Egypt
69%
Finland
67%
Turkey
66%
Switzerland
63%
Brazil
61%
Norway
61%
Denmark
59%
Austria
58%
Greece
58%
Thailand
58%
Mexico
53%
Armenia
52%
Burma
52%
United Arab Emirates
45%
Azerbaijan
44%
Singapore
42%
Cyprus
28%

Score Distribution

Percentile by Number Answered

Percent of People with Each Score

Your Score History

You have not taken this quiz